000 00612nam a22002177a 4500
005 20170124110237.0
010 _a044573
020 _c00.00
035 _a044573
037 _bCen Lib/Ret
040 _aDPL
_bEN
082 _a372.5
_bTOM
100 _aTomlinson, R.R.
_942115
245 _aPicture and pattern-making by children /
_cby R.R.Tomlinson
260 _aLondon
_bThe Studio Publications
_c1950
270 _a66 Chandos Place
_bLondon
300 _avii,144p. :
_c28cm(Hb)
_bill.
650 _aChild artists
_939145
650 _aPictures
_942116
942 _2ddc
_cEN
_h372.5
_mTOM
999 _c134903
_d134903